000 00653nam a2200241Ia 4500
003 OSt
005 20230419095134.0
008 210423s2012 xx 000 0 und d
020 _a9789350300879
040 _cAL
041 _aeng
082 _a338.1
_223
_bRASD
100 _aRASURE (K A)
_990382
245 _aDevelopment of agriculture in the era of climate change
260 _aNew Delhi
_bOxford & IBH
_c2012
300 _aviii,270
_bHB
365 _b2500
_cINR
440 _v1
650 _aEconomics
_990383
650 _aProduction Economics
_990384
906 _aagriculture ; change. ; climate ; Development ; era
942 _2ddc
_cBK
999 _c160687
_d160687